ස්වාභාවික ව්‍යසනයන්ට දැනුවත්ව මුහුණ දෙමු : (Record no. 4403)

MARC details
000 -LEADER
fixed length control field 00815nam a22001937a 4500
003 - CONTROL NUMBER IDENTIFIER
control field LK-CoMWRAF
005 - DATE AND TIME OF LATEST TRANSACTION
control field 20231213120641.0
008 - FIXED-LENGTH DATA ELEMENTS--GENERAL INFORMATION
fixed length control field 231213b |||||||| |||| 00| 0 eng d
020 ## - INTERNATIONAL STANDARD BOOK NUMBER
International Standard Book Number 9789551772413
040 ## - CATALOGING SOURCE
Original cataloging agency LK-CoMWRAF
Modifying agency LK-CoMWRAF
Description conventions LK-CoMWRAF
041 ## - LANGUAGE CODE
Language code of text/sound track or separate title Sinhala; Sinhalese
082 ## - DEWEY DECIMAL CLASSIFICATION NUMBER
Classification number 303.48
Item number SWA
942 ## - ADDED ENTRY ELEMENTS (KOHA)
Koha item type Books
245 ## - TITLE STATEMENT
Title ස්වාභාවික ව්‍යසනයන්ට දැනුවත්ව මුහුණ දෙමු :
Remainder of title කාන්තාවන්ට මග පෙන්වීමේ අත්පොත
246 ## - VARYING FORM OF TITLE
Title proper/short title Swabhawika wyasanayanta danuwathwa muhuna demu : kanthawanta maga penweeme athpotha
260 ## - PUBLICATION, DISTRIBUTION, ETC. (IMPRINT)
Place of publication, distribution, etc. කොළඹ :
Name of publisher, distributor, etc. සමාජ විද්‍යාඥයින්ගේ සංගමය,
Date of publication, distribution, etc. 2009
300 ## - PHYSICAL DESCRIPTION
Extent පි. 52
650 ## - SUBJECT ADDED ENTRY--TOPICAL TERM
Topical term or geographic name as entry element ස්වාභාවික ආපදා
Holdings
Withdrawn status Lost status Damaged status Not for loan Permanent Location Current Location Date acquired Full call number Barcode Koha item type
        Resource center, Muslim Women's Research And Action Forum Resource center, Muslim Women's Research And Action Forum 2023-12-13 303.48 SWA RAF3475 Books
        Resource center, Muslim Women's Research And Action Forum Resource center, Muslim Women's Research And Action Forum 2023-12-13 303.48 SWA RAF3476 Books

Copyright © 2023 Muslim Women's Research and Action Forum (MWRAF), No 27/3, Anderson Road, Kalubowila, Dehiwela. Funded by The Asia Fundation